Odpočet straty pri zdanení príjmov fyzickej osoby

Príklad a tabuľkový prehľad uplatňovania odpočtu straty podľa zákona č.286/1992 Zb. v znení neskorších predpisov a zákona NR SR č.325/1993 Z.z. o štátnom rozpočte SR na rok 1994 a zmien niektorých ďalších zákonov (č.65/1994 Z.z. paragraf 34).

Gespeichert in:
Bibliographische Detailangaben
1. Verfasser: Bieliková, Mária
Format: Buchkapitel
Sprache:Slowakisch
Schlagworte:
Tags: Tag hinzufügen
Keine Tags, Fügen Sie das erste Tag hinzu!

MARC

LEADER 00000naa a2200000 4500
001 r024045
005 20221205090555.7
041 0 |a slo 
044 |a SK 
245 1 0 |a Odpočet straty pri zdanení príjmov fyzickej osoby  |c Mária Bieliková 
520 |a Príklad a tabuľkový prehľad uplatňovania odpočtu straty podľa zákona č.286/1992 Zb. v znení neskorších predpisov a zákona NR SR č.325/1993 Z.z. o štátnom rozpočte SR na rok 1994 a zmien niektorých ďalších zákonov (č.65/1994 Z.z. paragraf 34). 
610 2 0 |a dane z príjmov 
610 2 0 |a osoby fyzické 
610 2 0 |a odpočet straty 
610 2 0 |a strata 
610 2 0 |a zákony 
610 2 0 |a Slovensko 
610 2 0 |a 1991-1994 
100 1 |a Bieliková, Mária